| 000 | 00413nam a2200181Ia 4500 | ||
|---|---|---|---|
| 005 | 20250603145716.0 | ||
| 008 | 250603s9999 xx 000 0 und d | ||
| 020 | _a9780194792332 | ||
| 050 | _aPZ 7 .A97 S46/ | ||
| 100 | _aAusten, Jane | ||
| 245 | 0 | _aSense and sensibility | |
| 260 | _aOxford | ||
| 260 | _bOxford University Press | ||
| 260 | _c2002 | ||
| 300 | _a104 p | ||
| 650 | _aOxford | ||
| 942 | _cBK | ||
| 999 |
_c42623 _d42623 |
||